• 首页
  • 本馆介绍
  • 公告通知
  • 最新文献
  • 馆藏检索
  • 电子资源
  • 读者导购
  • 参考咨询
  • 我的图书馆
  • 登录
  • 详细信息显示
  • 放入我的书架
  • 预约/预借图书
  • 作者相关作品
  • 分类相关作品
  • 丛书相关作品
  • 出版社相关作品

书目信息

  • 表格格式
  • 工作单格式
  • 卡片格式
题名:
计划经济与市场调节
    
 
作者: 王积业 著
分册:  
出版信息: 北京   中国财政经济出版社  1983
页数: 140页
开本: 19cm
丛书名:
单 册:
中图分类: F045.5 , F043
科图分类:
主题词: 计划经济-关系-市场调节 , 市场调节-关系-计划经济 , 社会主义社会--生产方式
电子资源:
ISBN:
000 00851nam0 2200289 45
001 0183003273
005 20040421100654.4
010    @dCNY0.40
091    @a4166.437
100    @a19950516d1983 em y0chiy0121 ea
101 0  @achi
102    @aCN@b110000
105    @ay z 000yy
106    @ar
200 10 @a计划经济与市场调节@Aji hua jing ji yu shi chang tiao jie@e学习党的十二大文件体会@f王积业著
210    @a北京@c中国财政经济出版社@d1983
215    @a140页@d19cm
517 1  @a学习党的十二大文件体会@Axue xi dang de shi er da wen jian ti hui
606    @a计划经济-关系-市场调节
606    @a市场调节-关系-计划经济
606 0  @a社会主义社会@x生产方式
690    @aF045.5@v3
690    @aF043
701  0 @a王积业@Awang ji ye@4著
801  0 @aCN@b上海图书馆@c20040421
801  2 @aCN@bNLC@c20040421
905    @f1@b88243@dF043@e33
    
    计划经济与市场调节:学习党的十二大文件体会/王积业著.-北京:中国财政经济出版社,1983
    140页;19cm
    
    
    ISBN :CNY0.40
    
●
相关链接 在E读中查询图书 在五车中查询图书 在当当中查询图书 在豆瓣中查询图书


正题名:计划经济与市场调节     索取号:F043/33         预约/预借

序号 登录号 条形码 馆藏地/架位号 状态 备注
1 0088243   000192213   第一借阅区/ [索取号:F043/33] 在馆    
2 0088244   000192179   第一样本阅览室/ [索取号:F043/33] 在馆    
唐山师范学院图书馆 欢迎您!
大连网信软件有限公司© 版权所有